Statistiques concernant Quiz Culture Générale Facile #1

Cliquez ici pour prendre le quiz!

Statistiques générales

  • Ce quiz a été pris 65 fois
  • Le résultat moyen est 5 sur 15

Statistiques - réponses

Réponses% Correct
La {tomate} n'est pas un légume
87%
Le {crabe} aux pinces d'or est un album des aventures de Tintin en Afrique du Nord
73%
A la naissance, le poids d’un {éléphant} est d’environ 100 kg avec une mensuration de 85 cm à 1 mètre.
58%
Avec ses 7 025 km l'{Amazone} est le plus long fleuve de la Terre avec le Nil.
53%
Dans la mythologie {égyptienne}, la pesée de l'âme consistait à mettre le cœur du défunt sur une balance et de l'autre côté une plume
51%
L'équipe des {Pays-Bas} a atteint à trois reprises la finale de la Coupe du monde, en 1974, 1978 et 2010 mais ne l'a jamais gagnée.
33%
Au 1er janvier 2021, il y avait 2 831 279 179 billets de {10 euros} en circulation dans le monde, pour une valeur totale de 28 312 791 790 €
24%
{Steve} {Jobs} a été évincé de son entreprise en 1985 et a ensuite créé l'entreprise NeXT.
22%
La Coupe du monde de football est le championnat du monde des équipes nationales masculines de football. Elle a lieu pour la première fois en {1930}.
20%
La {Playstation 2} est la console la plus vendu au monde avec 158 millions d'exemplaires écoulés.
18%
C'est en {Inde} que le record de pluie annuel est détenu. Il y pleut en moyenne chaque année environ 12 mètres d'eau !
15%
Le record de points dans un match de la NBA avec 100 points le 2 mars 1962 est détenu par {Wilt} {Chamberlain}
13%
{Bucharest} est la capitale de la Roumanie
11%
Le {Burundi} est à la tête du classement des pays les plus pauvres, avec un PIB par tête de 307 dollars en 2023.
11%
La loi {1901} fonde le droit d’association sur des bases entièrement nouvelles en France.
9%

Distribution des résultats

Percentile par nombre de réponses

% des personnes avec chaque résultat

Votre développement - résultats

Vous n’avez pas pris ce quiz